| 000 -LEADER |
| fixed length control field |
00493nam a22001577a 4500 |
| 008 - FIXED-LENGTH DATA ELEMENTS--GENERAL INFORMATION |
| fixed length control field |
210409b ||||| |||| 00| 0 eng d |
| 040 ## - CATALOGING SOURCE |
| Original cataloging agency |
BMS College of Architecture |
| 100 ## - MAIN ENTRY--PERSONAL NAME |
| Personal name |
G, K, Aishwarya |
| 245 ## - TITLE STATEMENT |
| Title |
Integration and Linkages of Public places |
| 300 ## - PHYSICAL DESCRIPTION |
| Extent |
52p. |
| 500 ## - GENERAL NOTE |
| General note |
1BM11AHD01 |
| 502 ## - DISSERTATION NOTE |
| Degree type |
M.Arch |
| Name of granting institution |
BMA College of Architecture, Visvesvaraya Technological University |
| Dissertation note |
Dissertation |
| Year degree granted |
2013 |
| 650 ## - SUBJECT ADDED ENTRY--TOPICAL TERM |
| Topical term or geographic name as entry element |
Public Place |
| 700 ## - ADDED ENTRY--PERSONAL NAME |
| Personal name |
Mamatha P Raj |
| Relator term |
Guide |
| 942 ## - ADDED ENTRY ELEMENTS (KOHA) |
| Source of classification or shelving scheme |
|
| Koha item type |
PG-Thesis and Dissertations |